The general theory of integration /
Guardado en:
| Autor Principal: | |
|---|---|
| Formato: | Libro |
| Idioma: | English |
| Publicado: |
Oxford : New York :
Clarendon Press ; Oxford University Press,
1991.
|
| Series: | Oxford mathematical monographs
|
| Materias: | |
| Acceso en línea: | Reseña Bull. AMS (pdf) |
| Etiquetas: |
Agregar Etiqueta
Sin Etiquetas, Sea el primero en etiquetar este registro!
|
| LEADER | 01397pam a2200253 a 4500 | ||
|---|---|---|---|
| 001 | MAT.inmabb003509 | ||
| 008 | 901017s1991####enk######b####001#0#eng## | ||
| 005 | 20130221094603.0 | ||
| 245 | 1 | 4 | |a The general theory of integration / |c Ralph Henstock. |
| 260 | |a Oxford : |b Clarendon Press ; |a New York : |b Oxford University Press, |c 1991. | ||
| 300 | |a xi, 262 p. ; |c 24 cm. | ||
| 440 | 0 | |a Oxford mathematical monographs | |
| 504 | |a Incluye referencias bibliográficas (p. [208]-255) e índices. | ||
| 505 | 0 | |a 0. Introduction and prerequisites -- 1. Division systems and division spaces -- 2. Generalized Riemann and variational integration in division systems and division spaces -- 3. Limit under the integral sign, functions depending on a parameter -- 4. Differentiation -- 5. Cartesian products of a finite number of division systems (spaces) -- 6. Integration in infinite-dimensional spaces -- 7. Perron-type, Ward-type, and convergence-factor integrals -- 8. Functional analysis and integration theory. | |
| 510 | 4 | |a MR, |c 92k:26011 | |
| 510 | 4 | |a Bull. AMS, |c v. 29 no. 1 (July 1993) | |
| 020 | |a 019853566X | ||
| 100 | 1 | |a Henstock, Ralph. | |
| 650 | 0 | |a Integrals. | |
| 084 | |a 26A39 (26A42 28-02) |2 msc2000 | ||
| 010 | |a 90020901 | ||
| 040 | |a DLC |c DLC |d DLC | ||
| 856 | 4 | 2 | |u http://www.ams.org/bull/pre-1996-data/199329-1/bartle.pdf |y Reseña Bull. AMS (pdf) |
| 859 | |h 26 |i H526 |p A-6474 |b BIB. MATEMATICA | ||
